| 000 | 00614nam a2200169Ia 4500 | ||
|---|---|---|---|
| 008 | 090711s9999 xx 000 0 und d | ||
| 082 | _b79082 | ||
| 100 | _aकुलकर्णी विनायक | ||
| 245 | _aगुंतवणूक कुठेव कशी | ||
| 260 |
_bचौफेर प्रकाशन _c1996 |
||
| 300 | _a134 | ||
| 600 | _aकुलकर्णी विनायक | ||
| 630 | _aगुंतवणूक कुठेव कशी | ||
| 700 | _aकुलकर्णी विनायक | ||
| 730 | _aगुंतवणूक कुठेव कशी | ||
| 942 | _cBOOK | ||
| 999 |
_c291192 _d291192 |
||